000 00293nam a2200121Ia 4500
008 190216s9999||||xx |||||||||||||| ||und||
100 _aSebastian D K
245 0 _aProse For The Young Reader
260 _bMacmillan India Ltd
_c1985
300 _a89p
650 _aEnglish Prose
942 _cBK
999 _c13410
_d13410